The doorbell rang. / (Record no. 113313)
[ view plain ]
| 000 -LEADER | |
|---|---|
| fixed length control field | 00424 a2200169 4500 |
| 001 - CONTROL NUMBER | |
| control field | 0335 |
| 005 - DATE AND TIME OF LATEST TRANSACTION | |
| control field | 20140414132013.0 |
| 050 ## - LIBRARY OF CONGRESS CALL NUMBER | |
| Classification number | TR |
| Item number | D72 1986 |
| 100 1# - MAIN ENTRY--PERSONAL NAME | |
| Personal name | Hutchins, Pat |
| 245 14 - TITLE STATEMENT | |
| Title | The doorbell rang. / |
| Statement of responsibility, etc | by Pat Hutchins. |
| 260 ## - PUBLICATION, DISTRIBUTION, ETC. (IMPRINT) | |
| Place of publication, distribution, etc | New York : |
| Name of publisher, distributor, etc | Scholastic, |
| Date of publication, distribution, etc | 1986. |
| 300 ## - PHYSICAL DESCRIPTION | |
| Extent | 1 v.p. : ill. ; cm. |
| 650 #4 - SUBJECT ADDED ENTRY--TOPICAL TERM | |
| Topical term or geographic name as entry element | Sharing |
| General subdivision | Fiction. |
| 650 #4 - SUBJECT ADDED ENTRY--TOPICAL TERM | |
| Topical term or geographic name as entry element | Cookies |
| General subdivision | Fiction. |
| 650 #4 - SUBJECT ADDED ENTRY--TOPICAL TERM | |
| Topical term or geographic name as entry element | Children stories. |
| Withdrawn status | Lost status | Damaged status | Use restrictions | Home library | Current library | Shelving location | Date acquired | Source of acquisition | Total Checkouts | Full call number | Barcode | Date last seen | Price effective from | Koha item type |
|---|---|---|---|---|---|---|---|---|---|---|---|---|---|---|
| Munich Library | Munich Library | Teachers Reference Section | 09/10/2004 | TR D72 1986 | M4861 | 04/14/2014 | 04/14/2014 | Books |